000 00812nam a22001937a 4500
003 OSt
005 20260129075405.0
008 260129b |||||||| |||| 00| 0 eng d
040 _aDWCL GS library
_cOC
082 _aFic. B9341 1994
100 _aBurnett, Frances Hodgson
245 _aa little princess
260 _aNew York
_bRandom House, Inc
_cc1994
300 _a106
_c20cm
520 _aSara crewe is a student at miss minchin's fancy boarding school. She has the very best of everything. But when her rich father dies, she's left without a penny. Now sara lives in the cold attic and works for crusts of bread. Only magic could make her a little princess!
546 _aenglish
700 _aFrances Hodgson burnett
942 _2ddc
_cFIC.
_hFic. B934I 1994
_n0
999 _c8003
_d8003